| Tag |
First Indicator |
Second Indicator |
Subfields |
| LEADER |
00000ccm a2200000Ia 4500 |
| 001 |
in00002425015 |
| 005 |
20151109170100.0 |
| 008 |
910301r19901910flusgc n ger d |
| 028 |
3 |
2 |
|a M 1747
|b Masters Music Publications
|
| 035 |
|
|
|a (OCoLC)ocm23175563
|
| 035 |
|
|
|a (OCoLC)23175563
|
| 040 |
|
|
|a WEL
|c WEL
|d OCL
|d OCLCQ
|d OCLCG
|d UtOrBLW
|
| 045 |
2 |
|
|b d1910
|b d1911
|
| 048 |
|
|
|a vh01
|a ka01
|
| 049 |
|
|
|a TXAM
|
| 090 |
|
|
|a M1614
|b .S28 op.8 1990
|
| 100 |
1 |
|
|a Schoenberg, Arnold,
|d 1874-1951.
|
| 240 |
1 |
0 |
|a Lieder,
|m orchestra accompaniment,
|n op. 8.
|s Vocal score
|
| 245 |
1 |
0 |
|a Six orchestral songs for voice and piano, op. 8 /
|c Arnold Schoenberg ; arranged by Anton Webern.
|
| 264 |
|
1 |
|a Boca Raton, Fla. :
|b Masters Music Publications,
|c [1990]
|
| 300 |
|
|
|a 1 vocal score (36 pages) ;
|c 31 cm.
|
| 336 |
|
|
|a notated music
|b ntm
|2 rdacontent
|
| 337 |
|
|
|a unmediated
|b n
|2 rdamedia
|
| 338 |
|
|
|a volume
|b nc
|2 rdacarrier
|
| 490 |
1 |
|
|a Master vocal series
|
| 500 |
|
|
|a Accompaniment arranged for piano.
|
| 500 |
|
|
|a German words by Heinrich Hart (no. 1), from Des Knaben Wunderhorn (no. 2-3), and Petrarca (no. 4-6).
|
| 500 |
|
|
|a Reprint. Originally published: Wien : Universal-Edition, 1911.
|
| 505 |
0 |
|
|a Natur -- Das Wappenschild -- Sehnsucht -- Nie ward ich, Herrin mèud -- Voll jener Sèusse -- Wenn Vèoglein klagen.
|
| 650 |
|
0 |
|a Songs (High voice) with orchestra
|v Vocal scores with piano.
|
| 600 |
1 |
0 |
|a Hart, Heinrich,
|d 1855-1906
|v Musical settings.
|
| 600 |
1 |
0 |
|a Petrarca, Francesco,
|d 1304-1374
|v Musical settings.
|
| 700 |
1 |
|
|a Webern, Anton,
|d 1883-1945.
|
| 700 |
1 |
|
|a Hart, Heinrich,
|d 1855-1906.
|
| 700 |
1 |
|
|a Petrarca, Francesco,
|d 1304-1374.
|
| 740 |
0 |
|
|a Knaben Wunderhorn.
|
| 740 |
0 |
|
|a 6 orchestral songs for voice and piano, op. 8.
|
| 830 |
|
0 |
|a Master vocal series.
|
| 948 |
|
|
|a cataloged
|b h
|c 2008/11/18
|d c
|e bhartsfi
|f 10:36:44 am
|
| 994 |
|
|
|a C0
|b TXA
|
| 999 |
|
|
|a MARS
|
| 999 |
f |
f |
|s 8cb1b80f-9bc2-3f1c-a53b-24dc49331209
|i 1511bd00-0c5d-31a7-b4dc-042252334a40
|t 0
|
| 952 |
f |
f |
|p ric
|a Texas A&M University
|b Rellis Campus
|c Joint Library Facility
|d Remote Storage
|t 0
|e M1614 .S28 op.8 1990
|h Library of Congress classification
|i unmediated -- volume
|m A14837529595
|
| 998 |
f |
f |
|a M1614 .S28 op.8 1990
|t 0
|l Remote Storage
|